Maneater Countries Quiz Stats

Quiz not verified by Sporcle

Challenge
Share
Tweet
Embed
Score 0/20 Timer 05:00
0 Plays Today
Attack Country % Correct
1916 Jersey Shore shark attacksUnited States
94%
Kali River goonch catfish attacks*India
92%
Kirov wolf attacksRussia
87.7%
Harvey Cardinal (Grizzly attack)Canada
85.9%
Azaria Chamberlain (dingo attack)Australia
85.2%
Lions of TsavoKenya
80.2%
2010 Sharm-al-Sheikh shark attacksEgypt
69.7%
Maneating Lions of NjombeTanzania
68.4%
Tigers of the Sundarbans*Bangladesh
63.2%
Brown Bear of SankebetsuJapan
59.3%
Attack Country % Correct
Hendrik Coetzee (crocodile attack)DR Congo
59%
Tigress of Champawat*Nepal
57.9%
Lion of MfuweZambia
53.6%
Richard Root (crocodile attack)Botswana
48%
Wolves of TurkuFinland
45.2%
Beast of GevaudanFrance
43.9%
Crocodile attacks of Ramree IslandMyanmar
41.8%
Wolf of GysingeSweden
39.6%
Terror beast (hyena)Malawi
36.8%
Gustave the CrocodileBurundi
28.8%

You're not logged in!

Compare scores with friends on all Sporcle quizzes.
Sign Up with Email
OR
Log In

You Might Also Like...

Show Comments

Extras

Top Quizzes Today


Score Distribution

Your Account Isn't Verified!

In order to create a playlist on Sporcle, you need to verify the email address you used during registration. Go to your Sporcle Settings to finish the process.